000 00517cam a2200145 4500500
005 20260111093650.0
041 _afre
042 _adc
100 1 0 _aMiossec, Alain
_eauthor
245 0 0 _aAtlas de la Corse contemporaine (sous la direction de Didier Rey). Actes Sud, 2023, 84 pages, 24 €
260 _c2023.
500 _a41
786 0 _nLa Géographie | 1589 | 2 | 2023-07-05 | p. 54f-60f | 1964-9002
856 4 1 _uhttps://shs.cairn.info/revue-la-geographie-2023-2-page-54f?lang=fr&redirect-ssocas=7080
999 _c1626961
_d1626961